| 000 | 01289cam a2200325 i 4500 | ||
|---|---|---|---|
| 001 | 24455 | ||
| 003 | Mx-PuUPA | ||
| 005 | 20260528092011.0 | ||
| 008 | 140415s2022 mx a gr 000 0 spa d | ||
| 020 | _a9786074488814 | ||
| 040 |
_aMx-PuUPA _bspa _cMx-PuUPA _dMx-PuUPA _erda |
||
| 041 | 0 | _aspa | |
| 245 | 0 | 0 |
_aNutrición clínica / _cMaría Elena Téllez Villagómez, editor |
| 250 | _aTercera edición | ||
| 264 | 1 |
_aCiudad de México : _bEditorial El Manual Moderno, _c©2022 |
|
| 300 |
_axx, 459 páginas : _bilustraciones, tablas ; _c23 cm |
||
| 336 |
_2rdacontent _atexto _btxt |
||
| 337 |
_2rdamedia _asin medio _bn |
||
| 338 |
_2rdacarrier _avolumen _bnc |
||
| 650 | 7 |
_2armarc _aDietoterapia |
|
| 650 | 7 |
_2armarc _aNutrición |
|
| 650 | 7 |
_2armarc _aTrastornos del metabolismo |
|
| 650 | 7 |
_2armarc _aTrastornos de la nutrición |
|
| 700 | 1 |
_aTéllez Villagómez, María Elena, _918123 _eeditor |
|
| 942 |
_2ddc _cLI _h615.854 _iN76 |
||
| 999 |
_c24455 _d24455 |
||